000 00571nam a2200205Ia 4500
005 20250326141211.0
008 250326s9999 xx 000 0 und d
020 _a0-13-037474-1
037 _aTextbook
040 _aFMSL
_beng
_cFMSL
041 _aeng
_2eng
084 _aX51.1y7 N5
_qFMSL
100 _aJeannet J P, Etc.
_9743925
245 0 _aCases in international marketing
_cJeannet J P, Etc.
250 _a2
260 _aEnglewood
_bEnglewood, Prentice-Hall
_c1995
300 _a476p
942 _cTB
_hX51.1y7 N5
999 _c1289187
_d1289187